Этнопедагогика, учебник для вузов

Détails bibliographiques
Auteur principal: Хухлаева О. В. Ольга Владимировна
Autres auteurs: Кривцова А. С. Анна Сергеевна
Résumé:URL: https://urait.ru/bcode/535884 (дата обращения: 27.08.2025).
В учебнике раскрыто содержание курса «Этнопедагогика» как опыта воспитания детей в народной культуре. Большое внимание уделяется выявлению позитивных достижений, ценностей воспитания в традиционной культуре. Анализируются современные проблемы детства и отрочества, вызванные утратой традиций. Учебник содержит приложения, позволяющие организовать самостоятельную работу студентов, придав ей творческий и практико-ориентированный характер. Соответствует федеральному государственному стандарту высшего профессионального образования третьего поколения. Для студентов, обучающихся по различным педагогическим и психологическим специальностям.
Publié: Москва, Юрайт, 2024
Collection:Высшее образование
Sujets:
Accès en ligne:https://urait.ru/bcode/535884
Format: Électronique Livre

MARC

LEADER 00000nam a2200000 4500
001 RU/URAIT/535884
003 https://urait.ru/bcode/535884
005 20250827050525.1
010 |a 978-5-534-15314-9  |d 1329.00 
073 1 |a 9785534153149  |d 1329.00 
100 |a 20131002d2024 km y0rusy50 ca 
101 0 |a rus 
102 |a RU 
105 |a y j 000yy 
106 |a s 
200 1 |a Этнопедагогика  |e учебник для вузов  |f О. В. Хухлаева, А. С. Кривцова. 
210 |a Москва  |c Юрайт  |d 2024 
215 |a 333 с 
225 1 |a Высшее образование 
230 |a Электрон. дан. 
300 |a URL: https://urait.ru/bcode/535884 (дата обращения: 27.08.2025). 
330 |a В учебнике раскрыто содержание курса «Этнопедагогика» как опыта воспитания детей в народной культуре. Большое внимание уделяется выявлению позитивных достижений, ценностей воспитания в традиционной культуре. Анализируются современные проблемы детства и отрочества, вызванные утратой традиций. Учебник содержит приложения, позволяющие организовать самостоятельную работу студентов, придав ей творческий и практико-ориентированный характер. Соответствует федеральному государственному стандарту высшего профессионального образования третьего поколения. Для студентов, обучающихся по различным педагогическим и психологическим специальностям. 
337 |a Режим доступа: Электронно-библиотечная система Юрайт, для авториз. пользователей 
610 2 |a Педагогика и образование. Общие работы 
610 2 |a Педагогика, психология, социальная работа 
610 2 |a Этнопедагогика 
610 2 |a Этнопедагогика и этнопсихология 
610 2 |a Основы этнопедагогики 
610 2 |a Основы этнопсихологии и этнопедагогики 
610 2 |a Этнопсихология и этнопедагогика 
675 |a 37(075.8) 
686 |a 74.200.25я73  |2 rubbk 
700 1 |a Хухлаева  |b О. В.  |g Ольга Владимировна 
701 1 |a Кривцова  |b А. С.  |g Анна Сергеевна 
801 0 |a RU  |b ИКО Юрайт  |c 20131002  |g RCR  |2 rusmarc 
801 1 |a RU  |b ИКО Юрайт  |c 20131002  |g RCR  |2 rusmarc 
856 4 0 |n Юрайт  |g Электронная книга  |q html  |h ЮРАЙТ  |v 20250912  |2 Показать документ  |u https://urait.ru/bcode/535884 
955 |a учебник 
957 |a Этнопедагогика 
957 |a Этнопедагогика и этнопсихология 
957 |a Основы этнопедагогики 
957 |a Основы этнопсихологии и этнопедагогики 
957 |a Этнопсихология и этнопедагогика 
900 |l